000 01166nam a22002898a 4500
005 20070806135819.0
008 070802s2008 nyu b 001 0 eng
010 _aB-284947
020 _a8177582704
_c310.00
020 _a9788177582703
_c310.00
035 _aB-284947
037 _bUBH
040 _adpl
_bEnglish
082 _a005.133
100 _aCadenhead, Rogers
245 _aProgramming with JAVA in 24 hours /
_cby Rogers Cadenhead
_b
250 _a4th ed.
260 _aDelhi
_bDorling Kindersley(India)
_c2006
270 _a482, F.I.E., Patparganj
_bDelhi
_e110092
300 _axiv, 558p.
_b
_c24cm. (pbk)
_eCD-ROM
500 _aIncludes index.
500 _aIncludes index.
650 _aJava (Computer program language)
942 _2ddc
_cEN
_mCAD
_h005.133
999 _c26330
_d26330